00398nam a2200145Ia 4500008004100000020001500041041000800056082001800064100002400082245005800106250000600164260006100170300001300231650000800244210716s2003 xx 000 0 und d a007049536X aeng a005.2764 MACM aMacDonald, Matthew. aASP.NET: the complete reference.bComplete reference. a1 aNew DelhibTata McGraw Hill Publishing Company Ltdc2003 axxix,977 aASP